Giáo trình văn chương Mỹ
Giáo trình gồm 6 chương, được chia làm 2 phần: Những kiến thữc cơ bản về văn học và phân tích và bình luận tác phẩm
שמור ב:
| מחבר ראשי: | |
|---|---|
| מחברים אחרים: | |
| פורמט: | ספר |
| שפה: | Vietnamese |
| יצא לאור: |
Tp. Hồ Chí Minh
Đại học Quốc gia Tp. Hồ Chí Minh
2002
|
| נושאים: | |
| תגים: |
הוספת תג
אין תגיות, היה/י הראשונ/ה לתייג את הרשומה!
|
| Thư viện lưu trữ: | Mạng thư viện Đại học Đà Nẵng |
|---|
| LEADER | 01393nam a2200361 4500 | ||
|---|---|---|---|
| 001 | 000009762 | ||
| 003 | 5960 | ||
| 005 | 20111102101117.0 | ||
| 008 | 111102s2002 viesd | ||
| 020 | |c 81000đ | ||
| 041 | 0 | |a vie | |
| 082 | |a 810.07 |b LÊ-L | ||
| 100 | 0 | |a Lê Huy Lộc | |
| 245 | 0 | |a Giáo trình văn chương Mỹ |c Lê Huy Lộc, Nguyễn Hoàng Linh | |
| 260 | |a Tp. Hồ Chí Minh |b Đại học Quốc gia Tp. Hồ Chí Minh |c 2002 | ||
| 300 | |a 620tr |c 24cm | ||
| 500 | |a ĐTTS ghi: Đại học quốc gia thành phố Hồ Chí Minh. Trường Đại học khoa học xã hội và nhân văn | ||
| 520 | |a Giáo trình gồm 6 chương, được chia làm 2 phần: Những kiến thữc cơ bản về văn học và phân tích và bình luận tác phẩm | ||
| 653 | |a Giáo trình | ||
| 653 | |a Văn chương | ||
| 653 | |a Mỹ | ||
| 700 | |a Nguyễn Hoàng Linh | ||
| 910 | |a Thương |d 02/11/2011 | ||
| OWN | |a LSP | ||
| AVA | |a UDN50 |b LSP |d 810.07 LÊ-L |e available |t Error 5001 Not defined in file expand_doc_bib_avail. |f 2 |g 0 |h N |i 0 |k 1 | ||
| 999 | |a From the UDN01 | ||
| AVA | |a UDN50 |b LSP |d 810.07 LÊ-L |e available |t Error 5001 Not defined in file expand_doc_bib_avail. |f 2 |g 0 |h N |i 0 |k 1 | ||
| TYP | |a Monograph | ||
| TYP | |a Printed language | ||
| 980 | |a Mạng thư viện Đại học Đà Nẵng | ||